New estate planning handbook with forms and tables

Bibliographic Details
Main Author: Zaritsky, Howard M
Other Authors: Zaritsky, Martha Altschuller
Format: Book
Published: Englewoo Cliff New Jersey : Prentice Hall , 1980
Subjects:

MARC

LEADER 00000cam a2200000 7i4500
001 0000008009
005 20220518.0
020 |a 013613257x 
040 |a INS 
090 0 0 |a KF750   |b Z37 1980 
100 1 |a Zaritsky, Howard M 
245 1 0 |a New estate planning handbook with forms and tables   |c Howard M. Zaritsky, Martha Altschuller Zaritsky 
260 |a Englewoo Cliff New Jersey :   |b Prentice Hall ,   |c 1980 
300 |a 438p. ;   |c 26 cm. 
650 0 0 |a Estate planning   |z United States 
650 0 0 |a Inheritance and transfer tax   |x Law and legislation   |z United States 
700 1 |a Zaritsky, Martha Altschuller 
999 |a 0000022867   |b BOOK   |c Open Shelf   |e Default branch